Beatles Songs that reached #1 in the U.S - Statistics

General Stats
  • This quiz has been taken 190 times
  • The average score is 11 of 20
Answer Stats
Hint Answer % Correct
1965 Help!
83%
1970 Let It Be
81%
1963 I want To Hold Your hand
80%
1968 Hey Jude
78%
1963 She Loves You
76%
1965 Yesterday
74%
1964 Love Me Do
63%
1969 Come Together
59%
1967 Penny Lane
59%
1970 The Long And Winding Road / For You Blue
56%
1969 Get Back
54%
1965 Ticket To Ride
54%
1964 Can't Buy Me Love
53%
1967 All You Need Is Love
49%
1964 Eight Days a Week
47%
1966 Paperback Writer
45%
1967 Hello Goodbye
44%
1964 I Feel Fine
40%
1965 We Can Work It Out
33%
1964 Hard Days Night
23%
No matching quizzes found
Score Distribution
Percent of People with Each Score
Percentile by Number Answered
Your Score History
You have not taken this quiz